Academia Christiana, Hoc est: Succincta Descriptio Christi, Sanctorum Apostolorum, Celebriorum Patrum, ac Doctorum Ecclesiae, qui passim in orbe terrarum plantârunt Ecclesiam Jesu christi: jam inde à tempore Apostolorum, usque ad Lutherum Ubi cernere licebit: Qvibvs Populis Quilibet Apostolus, Sev Pater [et] Doctor Ecclesiae, Evangelium Christi amunciârit: qua suerit ipsius doctrina de Articulis nunc potissimùm controversis: quid commemoratu dignum gesserit: qui fuerunt contemporanei: qui vetustiones, qui recentiores: quid nomine Christi quilibet passus sit: [et] quo genere mortis validem obierit. Nunc renovata studio & opera Johannis Himmelii Pomerani, SS. Th. D. & Ecclesiastis Spirensis. Accessit, Consilium Magni cuiusdam Theologi, de dextra lectione Patrum: Cum Indice duplici

Bibliographic Details
Main Author: Schöpff, Johann, 1540-1621 (Author)
Corporate Author: Kembach, Elias (Speyer, Nemecko) (Printer)
Other Authors: Himmel, Johann, 1581-1642 (Dedicator), Kembach, Elias, 16./17. storočie (Printer)
Format: Book
Language:Latin
PhysicalDescription:[8] listov, 358 strán, [4] listy 8° 16,5 × 11 cm
Published: Spirae Typis Helia Kembachii Anno M. DC. XVI. [=1616]
ISBN:(viaz.)
Subjects:

MARC

LEADER 00000nam a2200000 a 4500
001 vtls011824445
003 SK-MaSNL
005 20260301143101.0
008 251112s1616 gw 011 0 lat
015 |a SNBHFA1616 
020 |a (viaz.) 
040 |a SNKHF  |b slo  |c SNK  |e AACR2 
041 0 |a lat 
044 |a gw  |c DE 
072 7 |a 2-1  |x Prirodzená teológia. Náboženská filozofia  |2 konspekt 
080 |a 2‑12  |2 2011 
080 |a 2‑766  |2 2011 
080 |a 2‑278  |2 2011 
100 1 |a Schöpff, Johann,  |d 1540-1621  |4 aut  |9 499514 
245 1 0 |a Academia Christiana, Hoc est: Succincta Descriptio Christi, Sanctorum Apostolorum, Celebriorum Patrum, ac Doctorum Ecclesiae, qui passim in orbe terrarum plantârunt Ecclesiam Jesu christi: jam inde à tempore Apostolorum, usque ad Lutherum  |b Ubi cernere licebit: Qvibvs Populis Quilibet Apostolus, Sev Pater [et] Doctor Ecclesiae, Evangelium Christi amunciârit: qua suerit ipsius doctrina de Articulis nunc potissimùm controversis: quid commemoratu dignum gesserit: qui fuerunt contemporanei: qui vetustiones, qui recentiores: quid nomine Christi quilibet passus sit: [et] quo genere mortis validem obierit. Nunc renovata studio & opera Johannis Himmelii Pomerani, SS. Th. D. & Ecclesiastis Spirensis. Accessit, Consilium Magni cuiusdam Theologi, de dextra lectione Patrum: Cum Indice duplici  |c Constructa olim & collecta Per Johannem Schopffium Abbatem Wirtembergicum 
260 |a Spirae  |b Typis Helia Kembachii  |c Anno M. DC. XVI. [=1616] 
300 |a [8] listov, 358 strán, [4] listy  |c 8°  |c 16,5 × 11 cm 
500 |a Vinety, vlysy, iniciálky s ornamentálnym pozadím vo voľnom priestore na 4 riadky, verzály na 5 riadkov, titulný list červeno-čiernou tlačou 
501 |a Príväzok 1.: SUTCLIFFE, Matthew. De Tvrco-Papismo, Hoc est, De Tvrcarvm Et Papistarum Adversus Christi ecclesiam & fidem coniuratione. Londini: Georgivs Bischop, Radviphvs Newberie, & Rober. Barker, 1604.  |5 SNKID 100583/prív.1 
504 |a Kustody 
508 |a Dedikácia: Himmel, Johann; Wirth, Johann Georg; Brandis, Friedrich; Merckelbach, Thomas; Jenisch, Bernhard 
510 4 |a VD 17 23:646347E 
546 |a Latinčina  |b Antiqua  |b Kurzíva 
561 |a Z knižnice Učenej spoločnosti malohontskej.  |5 SNK ID 100583 
562 |a Rukopisný exlibris: Peto Kubinyi.  |5 SNKID 100583 
563 |a Väzba: hladký žlto-biely pergamen s linajkovou slepotlačou.  |5 SNK ID 100583 
650 0 7 |a teológia  |2 SNKPH  |9 1814 
650 0 7 |a argumenty  |2 SNKPH  |9 21134 
655 7 |a komentáre  |2 SNKPH  |9 70412 
700 1 |a Wirth, Johann Georg  |4 hnr  |9 499515 
700 1 |a Brandis, Friedrich,  |d 16./17. storočie  |4 hnr  |9 499516 
700 1 |a Merckelbach, Thomas  |4 hnr  |9 499517 
700 1 |a Jenisch, Bernhard  |4 hnr  |9 499518 
700 1 |a Himmel, Johann,  |d 1581-1642  |4 dto  |9 356377 
700 1 |a Kubíni, Peter,  |d 1765-1835  |4 fmo  |9 185995 
700 1 |a Kembach, Elias,  |d 16./17. storočie  |4 prt  |9 499519 
710 1 |a Učená spoločnosť malohontská  |4 fmo  |9 205374 
710 0 |a Kembach, Elias (Speyer, Nemecko),  |d 1604-1618  |4 prt  |9 499520 
752 |a Nemecko  |d Speyer 
852 |a snk  |b Historické fondy  |p ID 100583 
958 |a ONDV 
958 |a DC 
999 |c 772539  |d 774469 
952 |t II. D. c. 2/ MHC 1187  |a SNK  |b SNK  |c SNK_HF  |y PREZ  |7 0  |p 17A1302026  |o snkID 100583  |i snk2018/24749  |8 5  |z Kniha má jeden príväzok  |0 0  |1 0  |4 0  |d 2018-11-21  |l 0  |r 2026-02-24 00:39:28  |w 2026-02-24